Lengua y literatura 2 : prácticas del lenguaje 1º 2º /
Guardado en:
| Autor Principal: | |
|---|---|
| Otros Autores: | , , , , , , , , , , |
| Formato: | Libro |
| Publicado: |
Buenos Aires :
Estación Mandioca,
2022.
|
| Series: | Llaves Más
|
| Materias: | |
| Etiquetas: |
Agregar Etiqueta
Sin Etiquetas, Sea el primero en etiquetar este registro!
|
| LEADER | 03738nam a22006855a 4500 | ||
|---|---|---|---|
| 001 | CEM.cems020485 | ||
| 008 | 230925s2022##################000#0#####d | ||
| 005 | 20250530112301.0 | ||
| 245 | 1 | 0 | |a Lengua y literatura 2 : |b prácticas del lenguaje 1º 2º / |c Michelle Arturi y otros; ilustrado por Juan Pablo Caro y otros. |
| 260 | |a Buenos Aires : |b Estación Mandioca, |c 2022. | ||
| 300 | |a 240 p. | ||
| 490 | 0 | |a Llaves Más | |
| 505 | 0 | |a Ámbito de la literatura -- ¿Qué es la literatura? -- El relato tradicional: maravilloso y popular -- La novela de aventuras -- El cuento de terror y la historieta -- El cuento policial: negro y fuera de la ley -- El texto teatral y el guion cinematográfico -- La poesía y la prosa poética -- ¿Qué es el discurso? -- La biografía -- La columna de opinión -- La propaganda y la publicidad -- El texto de divulgación -- La crónica periodística -- El debate -- ¿Qué es la gramática? -- Las palabras y sus clases -- La sintaxis -- Ortografía y normativa | |
| 020 | |a 9789878061344 | ||
| 100 | 1 | |a Arturi, Michelle. | |
| 700 | 1 | |a Giorgio, Adrián. | |
| 700 | 1 | |a Barceló, María Florencia. | |
| 700 | 1 | |a Martín, Lucía. | |
| 700 | 1 | |a Font, Darío. | |
| 700 | 1 | |a Moretti, Juan Francisco. | |
| 700 | 1 | |a Percivale, Bruno. | |
| 700 | 1 | |a Quiroga, Macarena Sol. | |
| 700 | 1 | |a Wasserman, Ariel. | |
| 700 | 1 | |a Yóvine, Lucía. | |
| 700 | 1 | |a Ojeda, Alan. | |
| 700 | 1 | |a Caro, Juan Pablo; il. | |
| 082 | 0 | 4 | |a 468 |
| 653 | |a Lengua | ||
| 653 | |a Literatura | ||
| 653 | |a Lengua- 8º egb | ||
| 653 | |a Lengua-2º es | ||
| 653 | |a Literatura-8º egb | ||
| 653 | |a Literatura-2º es | ||
| 859 | |a CEMS |b BIB. CEMS - 11 de abril |h 468 |i Ar798 |p 29456.24 |t Ej.1 |3 2 | ||
| 859 | |a CEMS |b BIB. CEMS - Agricultura |h 468 |i Ar798 |p A3651.23 |t Ej.1 |v 2 |3 2 | ||
| 859 | |a CEMS |b BIB. CEMS - Agricultura |h 468 |i Ar798 |p A3652.23 |t Ej.2 |v 2 |3 2 | ||
| 859 | |a CEMS |b BIB. CEMS - Agricultura |h 468 |i Ar798 |p A3653.23 |t Ej.3 |v 3 |3 2 | ||
| 859 | |a CEMS |b BIB. CEMS - Agricultura |h 468 |i Ar798 |p A3654.23 |t Ej.4 |v 4 |3 2 | ||
| 859 | |a CEMS |b BIB. CEMS - Agricultura |h 468 |i Ar798 |p A3655.23 |t Ej.5 |v 2 |3 2 | ||
| 859 | |a CEMS |b BIB. CEMS - Agricultura |h 468 |i Ar798 |p A3832.25 |t Ej.6 |3 2 | ||
| 859 | |a CEMS |b BIB. CEMS - Agricultura |h 468 |i Ar798 |p A3833.25 |t Ej.7 |3 2 | ||
| 859 | |a CEMS |b BIB. CEMS - Agricultura |h 468 |i Ar798 |p A3834.25 |t Ej.8 |3 2 | ||
| 859 | |a CEMS |b BIB. CEMS - Agricultura |h 468 |i Ar798 |p A3835.25 |t Ej.9 |3 2 | ||
| 859 | |a CEMS |b BIB. CEMS - Agricultura |h 468 |i Ar798 |p A3836.25 |t Ej.10 |3 2 | ||
| 859 | |a CEMS |b BIB. CEMS - Agricultura |h 468 |i Ar798 |p A3853.25 |t Ej.11 |3 2 | ||
| 859 | |a CEMS |b BIB. CEMS - Agricultura |h 468 |i Ar798 |p A3838.25 |t Ej.12 |3 2 | ||
| 859 | |a CEMS |b BIB. CEMS - Agricultura |h 468 |i Ar798 |p A3839.25 |t Ej.13 |3 2 | ||
| 859 | |a CEMS |b BIB. CEMS - Agricultura |h 468 |i Ar798 |p A3840.25 |t Ej.14 |3 2 | ||
| 859 | |a CEMS |b BIB. CEMS - Agricultura |h 468 |i Ar798 |p A3841.25 |t Ej.15 |3 2 | ||
| 859 | |a CEMS |b BIB. CEMS - Agricultura |h 468 |i Ar798 |p A3842.25 |t Ej.16 |3 2 | ||
| 859 | |a CEMS |b BIB. CEMS - Agricultura |h 468 |i Ar798 |p A3843.25 |t Ej.17 |3 2 | ||
| 859 | |a CEMS |b BIB. CEMS - Agricultura |h 468 |i Ar798 |p A3844.25 |t Ej.18 |3 2 | ||
| 859 | |a CEMS |b BIB. CEMS - Agricultura |h 468 |i Ar798 |p A3845.25 |t Ej.19 |3 2 | ||
| 859 | |a CEMS |b BIB. CEMS - Agricultura |h 468 |i Ar798 |p A3846.25 |t Ej.20 |3 2 | ||
| 859 | |a CEMS |b BIB. CEMS - Agricultura |h 468 |i Ar798 |p A3847.25 |t Ej.21 |3 2 | ||
| 859 | |a CEMS |b BIB. CEMS - Agricultura |h 468 |i Ar798 |p A3848.25 |t Ej.22 |3 2 | ||
| 859 | |a CEMS |b BIB. CEMS - Agricultura |h 468 |i Ar798 |p A3849.25 |t Ej.23 |3 2 | ||
| 859 | |a CEMS |b BIB. CEMS - Agricultura |h 468 |i Ar798 |p A3850.25 |t Ej.24 |3 2 | ||
| 859 | |a CEMS |b BIB. CEMS - Agricultura |h 468 |i Ar798 |p A3851.25 |t Ej.25 |3 2 | ||
| 859 | |a CEMS |b BIB. CEMS - Agricultura |h 468 |i Ar798 |p A3852.25 |t Ej.26 |3 2 | ||
